[Event "Llinars del Valles Seniors op 2nd"]
[Site "Llinars del Valles"]
[Date "2024.04.17"]
[Round "2"]
[White "Cobos Navarro, Jorge"]
[Black "Colome Rovira, Oscar"]
[Result "0-1"]
[WhiteElo "1722"]
[BlackElo "1825"]
[PlyCount "50"]
[EventDate "2024.04.10"]
[EventType "swiss"]
[EventRounds "7"]
[EventCountry "ESP"]
[SourceTitle "CBM 220 Extra"]
[Source "ChessBase"]
[SourceDate "2024.07.31"]
[SourceVersion "1"]
[SourceVersionDate "2024.07.31"]
[SourceQuality "1"]

1. e4 c5 2. Nf3 d6 3. d4 cxd4 4. Nxd4 Nf6 5. Nc3 a6 6. Be3 e5 7. Nb3 Be7 8. Be2 Be6 9. 0-0 0-0 10. Kh1 Qc7 11. f4 Bc4 12. Nd5 Nxd5 13. exd5 Bxe2 14. Qxe2 Nd7 15. Rac1 exf4 16. Bxf4 Bf6 17. c3 Rfe8 18. Qg4 g6 19. Bh6 Bg7 20. Bxg7 Kxg7 21. Qf4 Re7 22. Nd4 Rae8 23. Qg3 Kh8 24. Rce1 Qc4 25. Rxe7 Qxf1# 0-1

[Event "Llinars del Valles op-B 13th"]
[Site "Llinars del Valles"]
[Date "2019.04.06"]
[Round "2"]
[White "Bons Fuses, Marc"]
[Black "Cobos Navarro, Jorge"]
[Result "0-1"]
[WhiteElo "1638"]
[BlackElo "1559"]
[PlyCount "110"]
[EventDate "2019.03.30"]
[EventType "swiss"]
[EventRounds "8"]
[EventCountry "ESP"]
[SourceTitle "EXT 2020"]
[Source "ChessBase"]
[SourceDate "2019.10.17"]
[SourceVersion "1"]
[SourceVersionDate "2019.10.17"]
[SourceQuality "1"]

1. e4 c5 2. Nf3 g6 3. c3 Bg7 4. d4 cxd4 5. cxd4 d5 6. exd5 Qxd5 7. Nc3 Qa5 8. Bd2 Bd7 9. Bc4 e6 10. 0-0 Nf6 11. Nd5 Qd8 12. Nxf6+ Qxf6 13. Bb4 Nc6 14. Bc3 Qf4 15. d5 Bxc3 16. dxc6 Bxc6 17. Bxe6 fxe6 18. bxc3 Bxf3 19. gxf3 Qg5+ 20. Kh1 0-0 21. Re1 Rad8 22. Qb3 Qd5 23. Qxd5 Rxd5 24. Rxe6 Rxf3 25. Re7 Rf7 26. Rae1 Rd7 27. Rxd7 Rxd7 28. Kg2 Kf7 29. Re2 Kf6 30. Rc2 Kf5 31. Kf3 g5 32. Ke3 h5 33. Rb2 b6 34. Rb5+ Kf6 35. a4 Rd6 36. h4 Re6+ 37. Kd4 Rd6+ 38. Kc4 Rc6+ 39. Kd3 Rc5 40. Rb4 gxh4 41. Rxh4 Kg5 42. Re4 h4 43. Re7 a5 44. Rh7 Kg4 45. f3+ Kg3 46. Rh6 b5 47. axb5 Rxb5 48. c4 Rb3+ 49. Ke2 h3 50. Rg6+ Kf4 51. Rg4+ Kf5 52. Rh4 h2 53. Kf2 a4 54. Kg2 Rb2+ 55. Kh1 a3 0-1

[Event "Girona-ch"]
[Site "Blanes"]
[Date "2015.??.??"]
[Round "1"]
[White "Balague Camps, Marc"]
[Black "Cobos Navarro, Jorge"]
[Result "1-0"]
[WhiteElo "2254"]
[BlackElo "1896"]
[PlyCount "63"]
[EventDate "2015.09.27"]
[EventType "swiss"]
[EventRounds "9"]
[EventCountry "ESP"]
[SourceTitle "EXT 2017"]
[Source "ChessBase"]
[SourceDate "2016.10.25"]
[SourceVersion "1"]
[SourceVersionDate "2016.10.25"]
[SourceQuality "1"]

1. d4 Nf6 2. c4 c5 3. d5 b5 4. Qc2 bxc4 5. e4 d6 6. Bxc4 g6 7. Nf3 Bg7 8. 0-0 Nbd7 9. Nc3 0-0 10. h3 Nb6 11. Bb5 Bd7 12. Ba6 Bc8 13. Bb5 Bd7 14. Be2 Qc8 15. a4 a5 16. Nb5 Ne8 17. Bg5 Qd8 18. Rfd1 f6 19. Bd2 Nc7 20. Nxc7 Qxc7 21. Bc3 e6 22. b3 exd5 23. exd5 Bf5 24. Qd2 Rfe8 25. Bb5 Nd7 26. Ne1 g5 27. Nc2 Bxc2 28. Qxc2 Re7 29. Qf5 Rd8 30. Re1 Rde8 31. Bxd7 Qxd7 32. Qxd7 1-0

[Event "Girona-ch"]
[Site "Blanes"]
[Date "2015.??.??"]
[Round "2"]
[White "Cobos Navarro, Jorge"]
[Black "Cros Garcia, Marc"]
[Result "0-1"]
[WhiteElo "1896"]
[BlackElo "1770"]
[PlyCount "114"]
[EventDate "2015.09.27"]
[EventType "swiss"]
[EventRounds "9"]
[EventCountry "ESP"]
[SourceTitle "EXT 2017"]
[Source "ChessBase"]
[SourceDate "2016.10.25"]
[SourceVersion "1"]
[SourceVersionDate "2016.10.25"]
[SourceQuality "1"]

1. e4 e5 2. Nf3 Nc6 3. Bc4 Bc5 4. b4 Bxb4 5. c3 Ba5 6. d4 exd4 7. 0-0 h6 8. Qb3 Qf6 9. e5 Qf5 10. Nh4 Qh5 11. Nf3 Nge7 12. cxd4 0-0 13. Ba3 Re8 14. Nc3 b6 15. Nb5 Rd8 16. Nxc7 Rb8 17. Rad1 Bb7 18. Nb5 Nf5 19. Nd6 Nxd6 20. Bxd6 Rbc8 21. d5 Nb8 22. Rd4 Na6 23. Rh4 Qg6 24. Bd3 Rc3 25. Bxg6 Rxb3 26. Bxf7+ Kxf7 27. axb3 Bxd5 28. Rf4+ Kg6 29. Nd4 Kg5 30. g3 Rc8 31. h4+ Kg6 32. Rd1 Nc5 33. Nf5 Bxb3 34. Ne7+ Kh7 35. Rb1 Bc2 36. Ra1 Rd8 37. Bxc5 Bc3 38. Ra2 Bxe5 39. Rxc2 Bxf4 40. gxf4 bxc5 41. Rxc5 Re8 42. Re5 a5 43. Kf1 a4 44. Ke2 a3 45. Ra5 Rxe7+ 46. Kd3 Re1 47. Rxa3 Rh1 48. Ke4 Rxh4 49. Ke5 Rh5+ 50. Kd6 Rf5 51. Rf3 g5 52. Kxd7 Rxf4 53. Rxf4 gxf4 54. Ke6 Kg6 55. Ke5 Kg5 56. Ke4 Kg4 57. f3+ Kg3 0-1

[Event "Girona-ch"]
[Site "Blanes"]
[Date "2015.??.??"]
[Round "9"]
[White "Cobos Navarro, Jorge"]
[Black "Gallart Vila, Joan"]
[Result "0-1"]
[WhiteElo "1896"]
[BlackElo "1949"]
[PlyCount "77"]
[EventDate "2015.09.27"]
[EventType "swiss"]
[EventRounds "9"]
[EventCountry "ESP"]
[SourceTitle "EXT 2017"]
[Source "ChessBase"]
[SourceDate "2016.10.25"]
[SourceVersion "1"]
[SourceVersionDate "2016.10.25"]
[SourceQuality "1"]

1. e4 e5 2. Nf3 Nf6 3. d3 Be7 4. Bg5 d5 5. exd5 Qxd5 6. Nc3 Qc5 7. Be3 Qb4 8. Qc1 Bg4 9. Nxe5 0-0 10. a3 Qa5 11. Nxg4 Nxg4 12. Be2 Nxe3 13. Qxe3 Nc6 14. 0-0 Bg5 15. Qg3 Bf6 16. Bf3 Nd4 17. Ne4 Be5 18. Qh3 Nxc2 19. Rab1 Nd4 20. Rfc1 c6 21. Rc5 Qc7 22. Qh5 Rae8 23. b4 f5 24. Ng5 h6 25. Bd5+ Kh8 26. Nf7+ Rxf7 27. Bxf7 Re7 28. Re1 Bxh2+ 29. Kf1 Rxf7 30. Re8+ Kh7 31. Qh4 Nb3 32. Rc2 Bf4 33. Rce2 Bg5 34. Qh3 Qd6 35. Kg1 Nd4 36. R2e5 Bf4 37. Re1 Nc2 38. R1e6 Qd4 39. Re2 0-1

[Event "Santa Eugenia op 10th"]
[Site "Santa Eugenia"]
[Date "2015.??.??"]
[Round "7"]
[White "Perolet Perez, Miquel"]
[Black "Cobos Navarro, Jorge"]
[Result "0-1"]
[WhiteElo "1848"]
[BlackElo "1882"]
[PlyCount "30"]
[EventDate "2015.04.17"]
[EventType "swiss"]
[EventRounds "9"]
[EventCountry "ESP"]
[SourceTitle "EXT 2016"]
[Source "ChessBase"]
[SourceDate "2015.10.08"]
[SourceVersion "1"]
[SourceVersionDate "2015.10.08"]
[SourceQuality "1"]

1. d4 Nf6 2. Nd2 e5 3. dxe5 Ng4 4. Ngf3 Bc5 5. e3 Nc6 6. h3 Ngxe5 7. Nxe5 Nxe5 8. Nf3 Nxf3+ 9. Qxf3 d5 10. Bd2 Be6 11. Bc3 d4 12. 0-0-0 Bd5 13. e4 dxc3 14. Qf5 Qd6 15. Qg4 Qf6 0-1

[Event "Llinars del Valles Tardor op 6th"]
[Site "Llinars del Valles"]
[Date "2014.11.07"]
[Round "5"]
[White "Cobos Navarro, Jorge"]
[Black "Perez, Gonzalo"]
[Result "1/2-1/2"]
[WhiteElo "1873"]
[BlackElo "1729"]
[PlyCount "48"]
[EventDate "2014.10.03"]
[EventType "swiss"]
[EventRounds "8"]
[EventCountry "ESP"]
[SourceTitle "CBM 163 Extra"]
[Source "ChessBase"]
[SourceDate "2014.12.23"]
[SourceVersion "1"]
[SourceVersionDate "2014.12.23"]
[SourceQuality "1"]

1. e4 d5 2. exd5 Qxd5 3. Nc3 Qa5 4. b4 Qb6 5. a3 c6 6. Bc4 Nf6 7. Nf3 Bf5 8. d3 e6 9. Be3 Qd8 10. h3 Bd6 11. Qd2 Qe7 12. Rd1 Nbd7 13. Bg5 a6 14. Be3 Nb6 15. Bb3 Nbd5 16. Nxd5 exd5 17. 0-0 0-0 18. Bf4 Rfe8 19. c4 Rac8 20. c5 Bxf4 21. Qxf4 Bg6 22. Rfe1 Qc7 23. Rxe8+ Nxe8 24. Qxc7 Nxc7 1/2-1/2

[Event "Llinars del Valles Tardor op 6th"]
[Site "Llinars del Valles"]
[Date "2014.10.10"]
[Round "2"]
[White "Salinas Duffo, Gaspar"]
[Black "Cobos Navarro, Jorge"]
[Result "1/2-1/2"]
[WhiteElo "1713"]
[BlackElo "1873"]
[PlyCount "79"]
[EventDate "2014.10.03"]
[EventType "swiss"]
[EventRounds "8"]
[EventCountry "ESP"]
[SourceTitle "CBM 163 Extra"]
[Source "ChessBase"]
[SourceDate "2014.12.23"]
[SourceVersion "1"]
[SourceVersionDate "2014.12.23"]
[SourceQuality "1"]

1. d4 e6 2. Nf3 Nf6 3. Bf4 Be7 4. e3 d5 5. Bd3 b6 6. c3 Bb7 7. h3 0-0 8. Nbd2 c5 9. 0-0 Nc6 10. e4 dxe4 11. Nxe4 cxd4 12. c4 Nb4 13. Re1 Nxd3 14. Nxf6+ Bxf6 15. Qxd3 Re8 16. Be5 Bxf3 17. Qxf3 Bxe5 18. Rxe5 Qc7 19. Qe2 Rad8 20. Rd1 d3 21. Qe4 Qd6 22. Rg5 Qd4 23. Qxd4 Rxd4 24. Rd2 e5 25. f3 f6 26. Rf5 Kf7 27. Rh5 Kg6 28. g4 f5 29. Kf2 e4 30. Ke3 Rxc4 31. Rxf5 exf3+ 32. Kxd3 Rd8+ 33. Kxc4 Rxd2 34. Rxf3 Rxb2 35. a4 a6 36. Rd3 h6 37. Kc3 Rb1 38. Rd6+ Kg5 39. Rd7 Kf6 40. Rd4 1/2-1/2

[Event "Santa Eugenia op 9th"]
[Site "Santa Eugenia"]
[Date "2014.04.25"]
[Round "1"]
[White "Cobos Navarro, Jorge"]
[Black "Mundet Riera, Jaume"]
[Result "0-1"]
[WhiteElo "1843"]
[BlackElo "2271"]
[PlyCount "47"]
[EventDate "2014.04.25"]
[EventType "swiss"]
[EventRounds "9"]
[EventCountry "ESP"]
[SourceTitle "EXT 2015"]
[Source "ChessBase"]
[SourceDate "2014.11.20"]
[SourceVersion "1"]
[SourceVersionDate "2014.11.20"]
[SourceQuality "1"]

1. e4 e6 2. g3 Nf6 3. Bg2 c5 4. d3 Nc6 5. Nf3 g6 6. 0-0 Bg7 7. Bf4 Qb6 8. Bc1 0-0 9. Nbd2 Qc7 10. c3 d5 11. Re1 e5 12. Qe2 d4 13. cxd4 cxd4 14. Nb3 a5 15. a3 h6 16. Bd2 Qb6 17. Qd1 Be6 18. Nc1 Qxb2 19. Ne2 Nd7 20. Qc1 Qxc1 21. Rexc1 Rfc8 22. Rcb1 Ra7 23. Rb2 Bf8 24. Rba2 0-1

[Event "Llinars del Valles op 5th"]
[Site "Llinars del Valles"]
[Date "2013.10.25"]
[Round "4"]
[White "Cobos Navarro, Jorge"]
[Black "Hernandez Bermudez, Alberto"]
[Result "0-1"]
[WhiteElo "1837"]
[BlackElo "1826"]
[PlyCount "60"]
[EventDate "2013.10.04"]
[EventType "swiss"]
[EventRounds "8"]
[EventCountry "ESP"]
[SourceTitle "CBM 157 Extra"]
[Source "ChessBase"]
[SourceDate "2013.12.19"]
[SourceVersion "1"]
[SourceVersionDate "2013.12.19"]
[SourceQuality "1"]

1. e4 d5 2. exd5 Qxd5 3. Nc3 Qa5 4. d4 Bf5 5. Bb5+ c6 6. Bd3 Bxd3 7. Qxd3 e6 8. Nf3 Nf6 9. Bd2 Nbd7 10. 0-0 Be7 11. Ne2 Qd8 12. c4 0-0 13. Rfe1 Re8 14. Ng3 Rc8 15. b4 b6 16. a3 Bf8 17. Bg5 h6 18. Bf4 g6 19. Ne4 Nxe4 20. Rxe4 Bg7 21. Ne5 Nxe5 22. Bxe5 f6 23. Bg3 f5 24. Rh4 g5 25. Rh5 f4 26. Qg6 fxg3 27. Rxh6 gxf2+ 28. Kf1 Qxd4 29. Rc1 Rcd8 30. Rh7 Qd3+ 0-1

[Event "Llinars del Valles op-B 6th"]
[Site "Llinars del Valles"]
[Date "2012.05.05"]
[Round "4"]
[White "Cobos Navarro, Jorge"]
[Black "Amores Oliveros, Justo"]
[Result "1-0"]
[WhiteElo "1605"]
[BlackElo "1785"]
[PlyCount "81"]
[EventDate "2012.04.14"]
[EventType "swiss"]
[EventRounds "9"]
[EventCountry "ESP"]
[SourceTitle "EXT 2013"]
[Source "ChessBase"]
[SourceDate "2012.11.22"]
[SourceVersion "1"]
[SourceVersionDate "2012.11.22"]
[SourceQuality "1"]

1. e4 d6 2. d4 Nf6 3. Nc3 c6 4. Nf3 Bg4 5. Be2 Nbd7 6. 0-0 e5 7. Be3 Be7 8. h3 Bh5 9. Nh4 Bxe2 10. Qxe2 Nxe4 11. Nxe4 d5 12. Nf5 dxe4 13. Nxg7+ Kf8 14. Bh6 Qb6 15. Qxe4 c5 16. Nf5+ Ke8 17. dxe5 Qg6 18. Qxb7 Rc8 19. Qe4 Rg8 20. c3 Rc6 21. Rfd1 Re6 22. Qa8+ Bd8 23. Nd6+ Ke7 24. Nc8+ Ke8 25. Nd6+ Ke7 26. Qf3 Nxe5 27. Nf5+ Ke8 28. Qd5 Qf6 29. Ng7+ Rxg7 30. Bxg7 Qe7 31. Bxe5 Rxe5 32. Qc6+ Kf8 33. Qh6+ Kg8 34. Qd2 Bb6 35. Re1 c4 36. Rxe5 Qxe5 37. Re1 Qf6 38. Re4 h5 39. Qf4 Qg6 40. Re8+ Kh7 41. Qe4 1-0

[Event "Girona-ch"]
[Site "Girona"]
[Date "2012.02.10"]
[Round "5"]
[White "Cobos Navarro, Jorge"]
[Black "Alejo Alvarez, Ricardo"]
[Result "0-1"]
[WhiteElo "1619"]
[BlackElo "1974"]
[PlyCount "56"]
[EventDate "2012.01.13"]
[EventType "swiss"]
[EventRounds "9"]
[EventCountry "ESP"]
[SourceTitle "EXT 2013"]
[Source "ChessBase"]
[SourceDate "2012.11.22"]
[SourceVersion "1"]
[SourceVersionDate "2012.11.22"]
[SourceQuality "1"]

1. e4 e5 2. Nf3 Nc6 3. d4 exd4 4. Nxd4 Bc5 5. Nb3 Bb6 6. Nc3 Qf6 7. Qe2 Nge7 8. Nd5 Nxd5 9. exd5+ Ne7 10. a4 a6 11. c4 d6 12. Be3 Bxe3 13. fxe3 0-0 14. Qf2 Bf5 15. g4 Rfe8 16. Nd4 Be4 17. Qxf6 gxf6 18. Rg1 Ng6 19. Kd2 Ne5 20. Re1 c5 21. dxc6 bxc6 22. Bg2 Bxg2 23. Rxg2 c5 24. Kc3 cxd4+ 25. exd4 Nf3 26. Rf1 Re3+ 27. Kb4 Nxd4 28. Rxf6 Nc6# 0-1

[Event "Girona-ch"]
[Site "Girona"]
[Date "2012.01.27"]
[Round "3"]
[White "Cobos Navarro, Jorge"]
[Black "Romero Isado, Jose Luis"]
[Result "1-0"]
[WhiteElo "1619"]
[BlackElo "1792"]
[PlyCount "52"]
[EventDate "2012.01.13"]
[EventType "swiss"]
[EventRounds "9"]
[EventCountry "ESP"]
[SourceTitle "EXT 2013"]
[Source "ChessBase"]
[SourceDate "2012.11.22"]
[SourceVersion "1"]
[SourceVersionDate "2012.11.22"]
[SourceQuality "1"]

1. e4 e5 2. Nf3 Nc6 3. d4 exd4 4. Bc4 Bc5 5. c3 dxc3 6. Bxf7+ Kxf7 7. Qd5+ Ke8 8. Qh5+ g6 9. Qxc5 h6 10. Nxc3 d6 11. Qb5 a6 12. Qb3 Nf6 13. 0-0 Kf8 14. Re1 b5 15. e5 dxe5 16. Nxe5 Nxe5 17. Rxe5 Qd4 18. Re2 Bf5 19. Be3 Qd6 20. Rd1 Qc6 21. Bd4 Rh7 22. Qb4+ Kg8 23. Re7 Nd5 24. Nxd5 Qxd5 25. Rxh7 c5 26. Rg7+ Kf8 1-0

[Event "Girona-ch"]
[Site "Girona"]
[Date "2012.01.13"]
[Round "1"]
[White "Cobos Navarro, Jorge"]
[Black "Cobos Navarro, Francesco"]
[Result "0-1"]
[WhiteElo "1619"]
[BlackElo "1962"]
[PlyCount "46"]
[EventDate "2012.01.13"]
[EventType "swiss"]
[EventRounds "9"]
[EventCountry "ESP"]
[SourceTitle "EXT 2013"]
[Source "ChessBase"]
[SourceDate "2012.11.22"]
[SourceVersion "1"]
[SourceVersionDate "2012.11.22"]
[SourceQuality "1"]

1. Nf3 d5 2. c4 dxc4 3. e3 g6 4. Bxc4 Bg7 5. d4 Nf6 6. Nc3 0-0 7. 0-0 c6 8. Re1 b5 9. Be2 Qb6 10. a4 b4 11. a5 Qc7 12. Na4 Na6 13. Bxa6 Bxa6 14. Nc5 Bb5 15. Qb3 Rab8 16. Ne5 e6 17. Qxb4 Rfd8 18. Qb3 Rd5 19. Bd2 Rxc5 20. dxc5 Qxe5 21. Qc3 Qh5 22. h3 Ne4 23. Qc1 Qh4 0-1

[Event "Llinars del Valles Tardor op 3rd"]
[Site "Llinars del Valles"]
[Date "2011.10.07"]
[Round "2"]
[White "Cobos Navarro, Jorge"]
[Black "Santos Codina, Carles"]
[Result "1-0"]
[WhiteElo "1621"]
[BlackElo "1523"]
[PlyCount "63"]
[EventDate "2011.09.30"]
[EventType "swiss"]
[EventRounds "9"]
[EventCountry "ESP"]
[SourceTitle "EXT 2013"]
[Source "ChessBase"]
[SourceDate "2012.11.22"]
[SourceVersion "1"]
[SourceVersionDate "2012.11.22"]
[SourceQuality "1"]

1. e4 e5 2. Nf3 Nc6 3. Bc4 Bc5 4. 0-0 Nf6 5. c3 0-0 6. d4 exd4 7. cxd4 Be7 8. Nc3 d6 9. h3 Na5 10. Bd3 c5 11. b3 cxd4 12. Nxd4 Qc7 13. Bb2 Nc6 14. Ndb5 Qd8 15. Qc2 a6 16. Na3 d5 17. exd5 Nxd5 18. Nxd5 Qxd5 19. Bxh7+ Kh8 20. Rad1 Qg5 21. Bc1 Qh5 22. Be4 Nb4 23. Qd2 Qa5 24. Qe2 Rd8 25. Rxd8+ Bxd8 26. Rd1 Bc7 27. Bb2 Qg5 28. Bc1 Qe5 29. f4 Bb6+ 30. Be3 Bxe3+ 31. Qxe3 Qh5 32. Rd8# 1-0

[Event "Llinars del Valles op-B 5th"]
[Site "Llinars del Valles"]
[Date "2011.05.28"]
[Round "5"]
[White "Cobos Navarro, Jorge"]
[Black "Oliana Rectoret, Pere"]
[Result "1-0"]
[WhiteElo "1561"]
[BlackElo "1686"]
[PlyCount "95"]
[EventDate "2011.04.30"]
[EventType "swiss"]
[EventRounds "7"]
[EventCountry "ESP"]
[SourceTitle "EXT 2012"]
[Source "ChessBase"]
[SourceDate "2011.11.24"]
[SourceVersion "1"]
[SourceVersionDate "2011.11.24"]
[SourceQuality "1"]

1. e4 d5 2. exd5 Qxd5 3. Nc3 Qa5 4. d4 Nf6 5. Nf3 Bf5 6. Bd2 c6 7. Ne4 Qc7 8. Nxf6+ exf6 9. Bc4 Bd6 10. Qe2+ Qe7 11. Qxe7+ Bxe7 12. 0-0-0 0-0 13. Rde1 Bd6 14. Nh4 Bg6 15. Nxg6 hxg6 16. h4 Nd7 17. Re2 Nb6 18. Bb3 Rfe8 19. Rhe1 Kf8 20. c4 Nd7 21. g4 Rxe2 22. Rxe2 Re8 23. Rxe8+ Kxe8 24. Bc2 Nf8 25. Kd1 Ne6 26. Bc3 Nf4 27. b4 Ng2 28. Ba4 Nxh4 29. d5 Nf3 30. dxc6 Kd8 31. c5 Bb8 32. cxb7 Kc7 33. c6 Ne5 34. b5 Nxg4 35. Ke2 Ne5 36. Ke3 Kd6 37. Kd4 Nf3+ 38. Kc4 Ne5+ 39. Kb3 Bc7 40. Bb4+ Kd5 41. Kc3 Ke4 42. Bc5 Bb8 43. Bc2+ Kd5 44. Bf8 Nf3 45. Bb3+ Ke5 46. Bxf7 g5 47. Bc5 g4 48. Bxa7 1-0

[Event "Llinars del Valles Tardor op 2nd"]
[Site "Llinars del Valles"]
[Date "2010.11.12"]
[Round "9"]
[White "Cobos Navarro, Jorge"]
[Black "Martinez Medina, Jose Juan"]
[Result "0-1"]
[WhiteElo "1557"]
[BlackElo "1569"]
[PlyCount "122"]
[EventDate "2010.09.17"]
[EventType "swiss"]
[EventRounds "9"]
[EventCountry "ESP"]
[SourceTitle "EXT 2012"]
[Source "ChessBase"]
[SourceDate "2011.11.24"]
[SourceVersion "1"]
[SourceVersionDate "2011.11.24"]
[SourceQuality "1"]

1. e4 c5 2. c3 Nc6 3. Nf3 d6 4. d4 cxd4 5. cxd4 Qb6 6. d5 Ne5 7. Nxe5 dxe5 8. Nc3 Nf6 9. Bb5+ Bd7 10. Be3 Qa5 11. Bxd7+ Nxd7 12. Qb3 b6 13. Qb5 Qxb5 14. Nxb5 0-0-0 15. Nxa7+ Kb7 16. Nb5 Rc8 17. 0-0 Nc5 18. Nc3 e6 19. Rfd1 Be7 20. d6 Bf6 21. b4 Nd7 22. Na4 Rc6 23. b5 Rc4 24. Rdc1 Rhc8 25. Nb2 Rxe4 26. Rxc8 Kxc8 27. Rc1+ Nc5 28. Nd3 Kd7 29. Nxc5+ bxc5 30. Rxc5 Kxd6 31. Rc6+ Kd7 32. Ra6 Rb4 33. h3 Rxb5 34. a4 Rb7 35. Bb6 e4 36. a5 Kc8 37. Be3 Bd8 38. Bf4 Rb1+ 39. Kh2 Bc7 40. Rc6 Rb7 41. a6 Ra7 42. Kg1 Kd7 43. Be3 Kxc6 44. Bxa7 Bb6 45. Bb8 Bd4 46. Kf1 f5 47. Ke2 g5 48. g3 h5 49. f4 g4 50. h4 Bb6 51. Kd2 Bd4 52. Ke2 Bb6 53. Kd2 Bc7 54. a7 Ba5+ 55. Ke2 Kb7 56. Kf1 Bb6 57. a8Q+ Kxa8 58. Be5 Kb7 59. Ke2 Kc6 60. Kd1 Kd5 61. Kc2 Bf2 0-1

[Event "Llinars del Valles Tardor op 2nd"]
[Site "Llinars del Valles"]
[Date "2010.10.08"]
[Round "4"]
[White "Las Heras Maestro, Lluis"]
[Black "Cobos Navarro, Jorge"]
[Result "0-1"]
[WhiteElo "1608"]
[BlackElo "1557"]
[PlyCount "58"]
[EventDate "2010.09.17"]
[EventType "swiss"]
[EventRounds "9"]
[EventCountry "ESP"]
[SourceTitle "EXT 2012"]
[Source "ChessBase"]
[SourceDate "2011.11.24"]
[SourceVersion "1"]
[SourceVersionDate "2011.11.24"]
[SourceQuality "1"]

1. c4 e5 2. Nc3 Nf6 3. d4 exd4 4. Qxd4 Nc6 5. Qd3 Nb4 6. Qb1 d6 7. e4 Be6 8. a3 Nc6 9. Bg5 h6 10. Bxf6 Qxf6 11. Nd5 Qd8 12. Bd3 Ne5 13. Bc2 Nxc4 14. Ne2 Bxd5 15. exd5 Nb6 16. Bb3 Qg5 17. Nc3 Qxg2 18. Qe4+ Qxe4+ 19. Nxe4 Be7 20. Rc1 Rc8 21. a4 a5 22. h4 0-0 23. h5 Rfe8 24. Kf1 Nd7 25. Rg1 Nf6 26. f3 Nxh5 27. Nd2 Bg5 28. Rd1 Be3 29. Rh1 Ng3+ 0-1